Διαχείριση των υδάτινων πόρων του δήμου Μυτιλήνης με την χρήση μεθόδων γεωπληροφορικής : μεταπτυχιακή διατριβή
Saved in:
| Main Author: | |
|---|---|
| Corporate Author: | |
| Other Authors: | |
| Format: | Thesis Book |
| Language: | Greek |
| Published: |
2009.
|
| Subjects: | |
| Online Access: | http://hdl.handle.net/11610/11305 |
| Tags: |
Add Tag
No Tags, Be the first to tag this record!
|
MARC
| LEADER | 00000cam a2200000 i 4500 | ||
|---|---|---|---|
| 001 | 1/9007 | ||
| 008 | 100707s2009 gre d | ||
| 035 | |l 10108472 | ||
| 040 | |a GR-MY-UA |b gre |e aacr | ||
| 041 | 0 | |a gre | |
| 082 | 0 | |a 333.91 |2 (22) | |
| 100 | 1 | |a Ανδρίκος, Παναγιώτης. | |
| 245 | 1 | 0 | |a Διαχείριση των υδάτινων πόρων του δήμου Μυτιλήνης με την χρήση μεθόδων γεωπληροφορικής : |b μεταπτυχιακή διατριβή / |c του Παναγιώτη Θ. Ανδρίκου ; επιβλέπων: Γεώργιος Παναγόπουλος. |
| 260 | |c 2009. | ||
| 300 | |a 151 σ. : |b πιν., σχ. ; |c 30 εκ. | ||
| 500 | |a Βιβλιογραφία: σ. 117-119, παράρτημα. | ||
| 502 | |a Διατριβή (μεταπτυχιακή) - Πανεπιστήμιο Αιγαίου, Λέσβος, 2009. | ||
| 650 | 0 | 0 | |a Water resources development |z Greece |z Mytilene (Lesbos) |
| 650 | 0 | 0 | |a Water consumption |z Greece |z Mytilene (Lesbos) |
| 650 | 0 | |a Water conservation |z Greece |z Mytilene (Lesbos) | |
| 650 | 0 | |a Drinking water |z Greece |z Mytilene (Lesbos) | |
| 650 | 0 | 0 | |a Dissertations, Academic |z Greece. |
| 700 | 1 | |a Παναγόπουλος, Γεώργιος, |e dgs [Επιβλέπων καθηγητής] | |
| 710 | 2 | |a Πανεπιστήμιο Αιγαίου |b Σχολή Κοινωνικών Επιστημών |b Τμήμα Γεωγραφίας |b Μεταπτυχιακό Πρόγραμμα Σπουδών Γεωγραφία και Εφαρμοσμένη Γεωπληροφορική. | |
| 852 | |a INST |b LESVOS |c DIATR |e 20100707 |h 63 |p 005100048356 |q 005100048356 |t MTXE |y 23 | ||
| 852 | |a INST |b LESVOS |c DIATR |e 20100707 |h 64 |p 005100048357 |q 005100048357 |t MTXE |y 23 | ||
| 856 | |u http://hdl.handle.net/11610/11305 | ||
| 901 | |a BIBL1-2010-2 | ||
| 909 | |a Λ |b 165080 | ||
| 909 | |a Λ |b 165079 | ||
| 924 | |a ΑΝΔΡΙΚΟΣ |b ΠΑΝΑΓΙΩΤΗΣ |y ΛΕΣΒΟΣ |z 2009-11 | ||
| 970 | |a ΤΖΑΦΕΡΗ |b ΕΥΑΓΓΕΛΙΑ |z 2010/07/07 | ||